| 000 | 00774nam a2200193 i 4500 | ||
|---|---|---|---|
| 001 | 180326 | ||
| 003 | ES-MaACL | ||
| 005 | 20230906221049.0 | ||
| 008 | 120528s1975 sp |||| | spa d | ||
| 080 | _a616.858-008.6-085.214(043.2) | ||
| 100 | 1 |
_aRuiz Gabas, Enrique. _9150150 |
|
| 245 | 1 | 0 |
_aResultados clínicos en el tratamiento del parkinsonismo con L-Dopa _b: cuatro años de experiencia / _cpor Enrique Gabas Vilella. |
| 260 |
_aBarcelona : _bUniversidad, Secretariado de Publicaciones, Intercambio Científico y Extensión Universitaria, _c1975. |
||
| 300 |
_a16 p. ; _c24 cm. |
||
| 502 | _aTesis-Universidad Barcelona (Extracto) | ||
| 650 | 4 |
_aParkinson, Enfermedad de. _9150151 |
|
| 710 | 2 |
_aUniversidad de Barcelona. _97141 |
|
| 852 |
_aES-MaACL _jE-15361(155) |
||
| 999 |
_c180326 _d180326 |
||